Normal view
MARC view
Entry Personal Name
001 - CONTROL NUMBER
- control field: 35977
003 - CONTROL NUMBER IDENTIFIER
- control field: MY-SjTCS
005 - DATE AND TIME OF LATEST TRANSACTION
- control field: 20191205122857.0
008 - FIXED-LENGTH DATA ELEMENTS
- fixed length control field: 100907nn aca||abb| a a|a d
039 #9 -
- : 201009131535
- : siew_eng
- : 201009071345
- : wilmina
040 ## - CATALOGING SOURCE
- Original cataloging agency: VRT
- Transcribing agency: VRT
100 1# - HEADING--PERSONAL NAME
- Personal name: Schlenker, Eleanor D.
670 ## - SOURCE DATA FOUND
- Source citation: Williams' essentials of nutrition and diet therapy, c2007.
999 ## -
- : VIRTUA4 x
999 ## -
- : VTLSSORT0080*0400*1000*6700*9991